000 00974nam a2200217 a 4500
001 001192735
003 AM-YeHGA
005 20250617163051.0
008 161128s1959 ru af|||r|||||000|0|rus|d
040 _aAM-YeHGA
041 0 _arus
245 0 0 _aСборник научных работ врачей Калужской области /
_c[Редкол: Р.Г. Берберов и др.]; Обл. отд. здравоохранения, Обл. больница.
260 _a[Калуга] :
_bКалужское кн. изд-во,
_c1959.
300 _a191 с. :
_bил., табл. ;
_c23 см.
650 1 4 _aМедицина
650 1 4 _aПатология и частная терапия
650 1 4 _aНаучные работы врачей
_xСборник
_zКалуга
700 1 _aБерберов, Р.Г.
_eред.
_4edt
710 2 _aОбластной отдел здравоохранения.
_bОбластная больница
090 _c503913
999 _c500501
_d500501